000 00970nam a2200289Ia 4500
001 Z_342
003 CHAP
008 220113s1985 xx 000 0 und d
010 _a163318
040 _cCHAP
090 _aTesis C 299
100 _aCastrellón de León, Javier
_920311
245 _aEstudio preliminar del valor nutritivo del bagazo de piña (Ananas comosus Merr.) en ovinos /
_cpor Javier Castrellón de León y Julián Cotera Rivera
260 _aChapingo, Méx. :
_bEl autor,
_c1985
300 _a59 h. ; gráfs.
440 _a
502 _aTesis (Ing. Agrónomo Esp. en Zootecnia) -- UACH. Departamento de Zootecnia
503 _a
650 _aAlimentos y alimentación del ganado
_xValor nutritivo I. UACH. Departamento de Zootecnia II. Cotera Rivera, Julián
_9137588
650 7 _aPiña (Ananas comosus) como forraje
_2
_988440
901 _aTesis C 299
902 _aA
910 _a1985
942 _c2
942 _c2
999 _c163318
_d163318